[Event "AUTO-OPEN-4575"]
[Site "http://www.queenalice.com/game.php?id=1851894"]
[Date "2025.2.11"]
[Round "1"]
[White "Castling"]
[Black "gizmokaka"]
[Result "0-1"]
[WhiteElo "1595"]
[BlackElo "2737"]

1. e4 c5 2. Bc4 e6 3. Nf3 Nc6 4. a3 Nf6 5. d3 d5 6. Bb5 dxe4 7. Ne5 Bd7 8. Nxd7
Qxd7 9. Bf4 a6 10. Bxc6 Qxc6 11. dxe4 Qxe4+ 12. Be3 Qxg2 13. Ke2 Rd8 14. Qg1 Qe4
15. Nd2 Qxc2 16. Qd1 Qd3+ 17. Ke1 Nd5 18. Nf3 Nxe3 19. fxe3 Qxe3+ 20. Qe2 Qf4
21. Rd1 Be7 22. Rxd8+ Bxd8 23. Kf2 Bf6 24. b4 O-O 25. bxc5 Bd4+ 26. Kf1 Bxc5 27.
Kg2 Qg4+ 28. Kf1 Rd8 29. h3 Qg3 30. a4 Rd1+ 31. Ne1 Rxe1+ 32. Qxe1 Qf3+ 0-1

[Event "AUTO-OPEN-4575"]
[Site "http://www.queenalice.com/game.php?id=1851895"]
[Date "2025.2.11"]
[Round "1"]
[White "gizmokaka"]
[Black "Castling"]
[Result "1-0"]
[WhiteElo "2732"]
[BlackElo "1630"]

1. e4 e5 2. Bc4 Nf6 3. d3 h6 4. Nf3 d6 5. a4 Bg4 6. h3 Bh5 7. Nc3 a6 8. Be3 Nc6
9. a5 Nd4 10. g4 Nxf3+ 11. Qxf3 Bg6 12. h4 Qe7 13. h5 Bh7 14. g5 Nd7 15. Nd5 Qd8
16. Nb6 Nxb6 17. Qxf7# 1-0

[Event "AUTO-OPEN-4575"]
[Site "http://www.queenalice.com/game.php?id=1851896"]
[Date "2025.2.11"]
[Round "1"]
[White "Castling"]
[Black "Fischercat"]
[Result "0-1"]
[WhiteElo "1591"]
[BlackElo "1812"]

1. e4 e5 2. Bc4 Nf6 3. d3 Bc5 4. Bg5 h6 5. Bh4 g5 6. Bg3 d6 7. h3 h5 8. Nc3 h4
9. Bh2 g4 10. Nge2 gxh3 11. Nd5 Nxd5 12. Bxd5 hxg2 13. Rg1 h3 14. d4 exd4 15.
Nxd4 Qf6 16. c3 c6 17. Qf3 Qxf3 18. Nxf3 cxd5 19. exd5 Bg4 20. Nd4 Bxd4 21. cxd4
Kd7 22. Kd2 Na6 23. a3 Rae8 24. Rae1 Nc7 25. Rxe8 Rxe8 26. b4 Re2+ 27. Kd3 Rxf2
28. Ke3 Rf1 29. a4 Nxd5+ 30. Ke4 Nc3+ 31. Kd3 Ne2 0-1

[Event "AUTO-OPEN-4575"]
[Site "http://www.queenalice.com/game.php?id=1851897"]
[Date "2025.2.11"]
[Round "1"]
[White "Fischercat"]
[Black "Castling"]
[Result "1-0"]
[WhiteElo "1850"]
[BlackElo "1593"]

1. e4 e5 2. Nf3 d6 3. h3 h6 4. Bc4 Nf6 5. O-O Nxe4 6. d3 Nf6 7. Nc3 a6 8. Nd5
Nxd5 9. Bxd5 Nd7 10. Be3 Nf6 11. Bb3 Qe7 12. Re1 Be6 13. c4 O-O-O 14. d4 c5 15.
d5 Bd7 16. Bc2 g5 17. a3 b5 18. cxb5 Bxb5 19. b4 Kb7 20. a4 Bc4 21. Bb3 Bxb3 22.
Qxb3 Ne4 23. bxc5+ Ka8 24. c6 Rb8 25. Qc4 Nc5 26. Rab1 Bg7 27. Bxc5 dxc5 28.
Nxe5 Bxe5 29. Qxa6+ Qa7 30. Qxa7+ Kxa7 31. Rb7+ Rxb7 32. cxb7 Kxb7 33. Rxe5 Rd8
34. Re7+ Kc8 35. Rxf7 Rxd5 36. Rf3 c4 37. Rc3 Rd4 38. g3 Kc7 39. Kf1 Kb6 40. Ke2
Ka5 41. Ke3 Rd3+ 42. Rxd3 cxd3 43. f4 Kxa4 44. f5 1-0

[Event "AUTO-OPEN-4576"]
[Site "http://www.queenalice.com/game.php?id=1852186"]
[Date "2025.2.15"]
[Round "1"]
[White "Castling"]
[Black "game"]
[Result "1-0"]
[WhiteElo "1598"]
[BlackElo "1527"]

1. e4 e5 2. Bc4 Qf6 3. Qf3 Bc5 4. h3 Nh6 5. Qxf6 gxf6 6. d3 Rg8 7. Bxh6 Bd4 8.
c3 Bb6 9. g3 Nc6 10. Nf3 d5 11. Bb5 dxe4 12. dxe4 Bd7 13. Nbd2 O-O-O 14. Be3 f5
15. Bxb6 cxb6 16. O-O-O Be6 17. Bc4 b5 18. Bb3 fxe4 19. Bxe6+ fxe6 20. Nxe4 Na5
21. Nxe5 Rd5 22. Rxd5 exd5 23. Nd6+ Kc7 24. Nxb5+ Kb6 25. Nd4 Kc5 26. Nd7+ Kc4
27. Kc2 b5 28. b3+ Nxb3 29. axb3# 1-0

[Event "AUTO-OPEN-4576"]
[Site "http://www.queenalice.com/game.php?id=1852187"]
[Date "2025.2.15"]
[Round "1"]
[White "game"]
[Black "Castling"]
[Result "1-0"]
[WhiteElo "1514"]
[BlackElo "1611"]

1. e4 e5 2. Nf3 d6 3. Bc4 h6 4. Bd5 Nf6 5. d4 Bg4 6. Bxb7 Nbd7 7. Bxa8 Qxa8 8.
dxe5 Qxe4+ 9. Be3 dxe5 10. Nc3 Qb4 11. O-O Bc5 12. Re1 O-O 13. Qd2 Bxe3 14. Qxe3
Qxb2 15. a4 Qxc2 16. Ne4 Nxe4 17. a5 Ndc5 18. Nxe5 Be6 19. Rac1 Qb2 20. Re2 Qxe5
21. Rxc5 Bd5 22. f3 f5 23. fxe4 Qxe4 24. Qd2 Qg4 25. Qxd5+ Kh7 26. Qd3 Qb4 27.
Ree5 Qb2 28. Rxf5 Qa1+ 29. Rf1+ 1-0

[Event "AUTO-ADV-4848"]
[Site "http://www.queenalice.com/game.php?id=1852478"]
[Date "2025.2.20"]
[Round "1"]
[White "chessman"]
[Black "Castling"]
[Result "1/2-1/2"]
[WhiteElo "1940"]
[BlackElo "1597"]

1. e4 e5 2. Nf3 d6 3. d4 Bg4 4. dxe5 Bxf3 5. gxf3 dxe5 6. Qxd8+ Kxd8 7. Bc4 f6
8. O-O Bd6 9. Nc3 Ne7 10. Be3 Nbc6 11. a3 g5 12. Nd5 Nxd5 13. Bxd5 h5 14. Rfd1
Kd7 15. b4 h4 16. c4 Ne7 17. c5 Nxd5 18. cxd6 Nxe3 19. fxe3 cxd6 20. Rd5 Rac8
21. Rad1 Rc6 22. f4 Rhc8 23. a4 Rc3 24. Rxd6+ Ke8 25. Rxf6 Rxe3 26. fxg5 Rc2 27.
Re6+ Kf7 28. Rxe5 Ree2 29. Rd7+ Kg6 30. Rd6+ Kf7 31. Rd7+ Kg6 32. Rd6+ Kf7 33.
Rd7+ 1/2-1/2

[Event "AUTO-ADV-4848"]
[Site "http://www.queenalice.com/game.php?id=1852479"]
[Date "2025.2.20"]
[Round "1"]
[White "Castling"]
[Black "chessman"]
[Result "1-0"]
[WhiteElo "1575"]
[BlackElo "1921"]

1. e4 e6 2. Nc3 d5 3. e5 a6 4. d4 c5 5. Nf3 Nc6 6. Bd3 cxd4 7. Ne2 Nge7 8. Bg5
Qa5+ 9. Qd2 Qb6 10. Nexd4 Nxd4 11. Nxd4 Nc6 12. Nxc6 bxc6 13. O-O-O Rb8 14. b3
Ba3+ 15. Kb1 c5 16. Qc3 O-O 17. Be3 d4 18. Qe1 dxe3 19. Qc3 exf2 20. Bc4 a5 21.
Rhf1 Rd8 22. Rxd8+ Qxd8 23. Rxf2 a4 24. Rd2 Qb6 25. Qd3 Bb7 26. g4 axb3 27. cxb3
Qb4 28. Qd8+ 1-0

[Event "AUTO-ADV-4848"]
[Site "http://www.queenalice.com/game.php?id=1852496"]
[Date "2025.2.20"]
[Round "1"]
[White "EdsonEstevam"]
[Black "Castling"]
[Result "1-0"]
[WhiteElo "1754"]
[BlackElo "1584"]

1. e4 e5 2. Bc4 Nf6 3. d3 Nc6 4. Nf3 h6 5. Nc3 a6 6. O-O Bb4 7. Bd2 Nd4 8. Nxe5
d5 9. Bxd5 Nxd5 10. Nxd5 Bxd2 11. Qxd2 Be6 12. Rfe1 O-O 13. c3 Nc6 14. Nxc6 bxc6
15. Nf4 Qg5 16. g3 Bh3 17. Qe3 Rae8 18. Nxh3 Qg4 19. Kg2 f5 20. f4 h5 21. Rh1 c5
22. c4 fxe4 23. dxe4 Rd8 24. f5 Rd4 25. Nf2 Rxe4 26. Nxg4 Rxe3 27. Nxe3 1-0

[Event "AUTO-ADV-4848"]
[Site "http://www.queenalice.com/game.php?id=1852497"]
[Date "2025.2.20"]
[Round "1"]
[White "Castling"]
[Black "EdsonEstevam"]
[Result "0-1"]
[WhiteElo "1603"]
[BlackElo "1756"]

1. e4 e5 2. Bc4 Nc6 3. a3 Bc5 4. Nf3 d6 5. h3 Qf6 6. Nc3 Nd4 7. O-O Nxf3+ 8.
Qxf3 Qxf3 9. gxf3 Bxh3 10. Re1 Nf6 11. Bd5 O-O-O 12. Bxf7 Rdf8 13. Bc4 Nh5 14.
d3 Rxf3 15. Be3 Bxe3 16. Rxe3 Rxe3 17. fxe3 Rf8 18. Nd5 Kd8 19. d4 c5 20. b4 b6
21. c3 Be6 22. Rf1 Rxf1+ 23. Kxf1 Bxd5 24. Bxd5 g5 25. dxc5 bxc5 26. Kf2 h6 27.
Kf3 Nf6 28. b5 h5 29. c4 Kc7 30. a4 h4 31. Kg2 g4 32. a5 Ne8 33. Be6 Nf6 34. Bf5
Kb8 35. a6 Kc7 36. Be6 g3 37. Bh3 Kb6 38. Kf3 Ne8 39. Kg4 Nc7 40. Kxh4 Nxb5 41.
cxb5 c4 42. Kxg3 c3 0-1

[Event "AUTO-INT-3919"]
[Site "http://www.queenalice.com/game.php?id=1853122"]
[Date "2025.3.2"]
[Round "1"]
[White "renet54"]
[Black "Castling"]
[Result "0-1"]
[WhiteElo "1640"]
[BlackElo "1556"]

1. d4 d5 2. Bf4 Nc6 3. Nf3 h6 4. e3 a6 5. c4 e6 6. Nc3 Nf6 7. cxd5 Nxd5 8. Bg3
Bb4 9. Bc4 Nxc3 10. bxc3 Bxc3+ 11. Nd2 O-O 12. O-O Bxa1 13. Qxa1 Ne7 14. Be5 f6
15. Nf3 fxe5 16. dxe5 Nd5 17. Rd1 c6 18. e4 b5 19. exd5 exd5 20. Bb3 Bg4 21. Rd4
Bxf3 22. gxf3 Rxf3 23. Qd1 Qg5+ 24. Kf1 Raf8 25. Qc2 Rxf2+ 26. Ke1 Qg1# 0-1

[Event "AUTO-INT-3919"]
[Site "http://www.queenalice.com/game.php?id=1853145"]
[Date "2025.3.2"]
[Round "1"]
[White "Castling"]
[Black "Daniel1962"]
[Result "0-1"]
[WhiteElo "1561"]
[BlackElo "1700"]

1. e4 e5 2. Bc4 Nf6 3. d3 Bc5 4. h3 Nc6 5. a3 d5 6. Bb5 Bd7 7. Nf3 h6 8. Nc3 a6
9. Bxc6 Bxc6 10. Nxe5 Qe7 11. Nxc6 bxc6 12. Be3 Bxe3 13. fxe3 Qc5 14. Qd2 O-O
15. d4 Qe7 16. exd5 cxd5 17. Qd3 c5 18. O-O-O c4 19. Qf5 Qxe3+ 20. Kb1 Rfd8 21.
Rhe1 Qg3 22. Re2 Rab8 23. Qf3 Qxf3 24. gxf3 Rb6 25. Na4 Rb5 26. c3 Rdb8 27. h4
Nh5 28. Re5 Nf4 29. Rd2 Nd3 30. b4 Nxe5 31. f4 Nd3 32. f5 a5 33. Ka2 axb4 34.
axb4 Nc1+ 35. Kb2 Nb3 36. Re2 Nxd4 37. Rd2 Nxf5 38. Nc5 d4 39. Na6 R8b7 40. Nc5
Rxc5 41. h5 dxc3+ 42. Kxc3 Rcc7 43. Rd8+ Kh7 44. Rd5 Ne3 45. Rc5 Re7 0-1

[Event "AUTO-OPEN-4582"]
[Site "http://www.queenalice.com/game.php?id=1853975"]
[Date "2025.3.15"]
[Round "1"]
[White "Castling"]
[Black "SGF"]
[Result "0-1"]
[WhiteElo "1596"]
[BlackElo "1713"]

1. e4 e5 2. Nf3 Qf6 3. Nc3 c6 4. d3 h6 5. Be3 d6 6. h3 Be7 7. Be2 Qg6 8. Bf1 a5
9. Qe2 b5 10. a3 a4 11. O-O-O Na6 12. Nb1 Bg5 13. Nxg5 hxg5 14. g4 Rh4 15. f3
Qf6 16. Nc3 Bd7 17. Bg2 g6 18. Na2 Ne7 19. c4 bxc4 20. dxc4 c5 21. Nc3 Kf8 22.
Nd5 Nxd5 23. Rxd5 Bc6 24. Rd3 Qe6 25. Rd2 f6 26. Rhd1 Rd8 27. Kc2 Rh7 28. Kc3
Rb7 29. Bf1 Rb3+ 30. Kc2 Rd7 31. Rd3 Qxc4+ 32. Rc3 Rxc3+ 33. Kb1 Qxe2 34. Bxe2
Rxe3 35. Bxa6 Rxf3 36. Bc8 Rd8 37. Be6 Rxh3 38. Bd5 Bd7 39. Bb7 Bxg4 40. Rg1 Be6
41. Bd5 Bxd5 42. exd5 Rb8 0-1

[Event "AUTO-OPEN-4582"]
[Site "http://www.queenalice.com/game.php?id=1853976"]
[Date "2025.3.15"]
[Round "1"]
[White "SGF"]
[Black "Castling"]
[Result "1-0"]
[WhiteElo "1724"]
[BlackElo "1585"]

1. e4 e5 2. Qf3 Qf6 3. d3 Bb4+ 4. c3 Be7 5. Be2 Nc6 6. Qg3 d6 7. h3 Be6 8. h4
O-O-O 9. h5 h6 10. Nf3 a6 11. a4 Na5 12. O-O Nb3 13. Ra3 Nxc1 14. Rxc1 g5 15.
hxg6 Qxg6 16. Qxg6 fxg6 17. g3 Bg4 18. a5 Be6 19. b4 Bf6 20. c4 g5 21. Nc3 g4
22. Nh4 Bxh4 23. gxh4 h5 24. Nd5 Kd7 25. b5 Ne7 26. Nf6+ Kc8 27. b6 c6 28. Kg2
Rdf8 29. Nd5 Nxd5 30. cxd5 Bd7 31. dxc6 Bxc6 32. Bd1 Kd7 33. Kg3 Rf4 34. Ba4
Bxa4 35. Rxa4 Rf3+ 36. Kg2 Rxd3 37. Rc7+ Ke6 38. Rxb7 Rb3 39. Rc4 Rf8 40. Rh7
Rf7 41. Rxh5 Rbf3 42. Rh6+ Ke7 43. Rc7+ 1-0

[Event "AUTO-OPEN-4582"]
[Site "http://www.queenalice.com/game.php?id=1853977"]
[Date "2025.3.15"]
[Round "1"]
[White "Castling"]
[Black "pizzaiolo72"]
[Result "0-1"]
[WhiteElo "1611"]
[BlackElo "2025"]

1. e4 Nf6 2. d3 e5 3. h3 d5 4. Bg5 Be7 5. Nc3 d4 6. Bxf6 Bxf6 7. Nd5 Nd7 8. Nf3
c6 9. Nxf6+ Nxf6 10. Nxe5 O-O 11. Qd2 Re8 12. f4 Qc7 13. Nf3 c5 14. Ne5 Rxe5 15.
fxe5 Qxe5 16. O-O-O b5 17. Be2 Be6 18. b3 a5 19. Rhf1 a4 20. Kb2 a3+ 21. Kc1 b4
22. Kb1 g6 23. Qh6 Nxe4 24. dxe4 d3 25. c3 dxe2 26. Rd5 exf1=Q+ 27. Qc1 Qxe4+
0-1

[Event "AUTO-OPEN-4582"]
[Site "http://www.queenalice.com/game.php?id=1853978"]
[Date "2025.3.15"]
[Round "1"]
[White "pizzaiolo72"]
[Black "Castling"]
[Result "1-0"]
[WhiteElo "2029"]
[BlackElo "1551"]

1. e4 e5 2. Nf3 d6 3. d4 Bg4 4. Be2 h6 5. dxe5 Bxf3 6. Bxf3 Nc6 7. exd6 Bxd6 8.
O-O Ne5 9. Nc3 Nf6 10. Re1 a6 11. Be3 O-O 12. Nd5 c6 13. Bb6 Qe8 14. Nxf6+ gxf6
15. Qxd6 Nxf3+ 16. gxf3 Qe5 17. Qxe5 fxe5 18. Bc7 f6 19. f4 exf4 20. Bxf4 h5 21.
h4 Kf7 22. Rad1 Rg8+ 23. Kh2 Rg4 24. Bg3 Ke6 25. f3 Rg7 26. f4 f5 27. exf5+ Kxf5
28. Kh3 Kg6 29. Rd6+ Kh7 30. Re5 Kg8 31. Rxh5 Re8 32. Re5 Ree7 33. c4 Rxe5 34.
fxe5 1-0

[Event "AUTO-INT-3906"]
[Site "http://www.queenalice.com/game.php?id=1854377"]
[Date "2025.3.23"]
[Round "2"]
[White "hjs50667"]
[Black "Castling"]
[Result "1-0"]
[WhiteElo "2259"]
[BlackElo "1549"]

1. d4 g6 2. c4 Bg7 3. Nc3 b6 4. e4 Bb7 5. Nf3 Nf6 6. d5 Nh5 7. Qc2 d6 8. Be2 Nd7
9. Bg5 f6 10. Be3 Ne5 11. Nd4 Bc8 12. h3 Ba6 13. Qa4+ Nd7 14. Qxa6 Nc5 15. Qb5+
Qd7 16. O-O-O Qxb5 17. Ncxb5 Kd7 18. g4 Nxe4 19. gxh5 gxh5 20. Nxc7 Rac8 21.
Nce6 Bh6 22. Bxh6 Nxf2 23. Be3 Nxh1 24. Rxh1 Rhg8 25. Nf4 Rg3 26. Kd2 1-0

[Event "AUTO-INT-3906"]
[Site "http://www.queenalice.com/game.php?id=1854378"]
[Date "2025.3.23"]
[Round "2"]
[White "Castling"]
[Black "hjs50667"]
[Result "0-1"]
[WhiteElo "1547"]
[BlackElo "2264"]

1. e4 e6 2. Nc3 d5 3. Nf3 Nf6 4. e5 Nfd7 5. d4 c5 6. Bb5 Nc6 7. Bxc6 bxc6 8. Be3
cxd4 9. Bxd4 c5 10. Nb5 cxd4 11. Nd6+ Bxd6 12. exd6 Qa5+ 13. Qd2 Qxd2+ 14. Nxd2
Ba6 15. O-O-O Rc8 16. Nf3 d3 17. c3 Rc6 18. Rhe1 Rxd6 19. Ne5 Nxe5 20. Rxe5 f6
21. Re3 Kf7 22. Rd2 Rc8 23. b4 Rxc3+ 24. Kd1 Rdc6 25. Ke1 Rc1+ 26. Rd1 d4 27.
Rxc1 Rxc1+ 28. Kd2 dxe3+ 29. fxe3 Rc2+ 0-1

[Event "AUTO-INT-3906"]
[Site "http://www.queenalice.com/game.php?id=1854379"]
[Date "2025.3.23"]
[Round "2"]
[White "bdpq"]
[Black "Castling"]
[Result "1-0"]
[WhiteElo "1701"]
[BlackElo "1574"]

1. e4 e5 2. d4 Nc6 3. d5 Nd4 4. Be3 Bc5 5. Ne2 d6 6. Nxd4 Nf6 7. Qf3 Bxd4 8.
Bxd4 exd4 9. Nd2 Qe7 10. O-O-O Bg4 11. Qd3 Bxd1 12. Kxd1 Qe5 13. Be2 O-O-O 14.
g3 Nd7 15. Nf3 Qf6 16. h4 Nc5 17. Qa3 Kb8 18. b4 Nxe4 19. Rf1 Nc3+ 20. Ke1 Rhe8
21. Rh1 Rxe2+ 22. Kf1 Qxf3 23. Rh2 Nd1 24. Qxf3 Rxf2+ 25. Rxf2 Nxf2 26. Qxf2 f6
27. Qxd4 Re8 28. Qg4 g6 29. Qd7 Rc8 30. Qxh7 g5 31. h5 1-0

[Event "AUTO-INT-3906"]
[Site "http://www.queenalice.com/game.php?id=1854380"]
[Date "2025.3.23"]
[Round "2"]
[White "Castling"]
[Black "bdpq"]
[Result "0-1"]
[WhiteElo "1575"]
[BlackElo "1673"]

1. e4 d5 2. e5 e6 3. d4 Nc6 4. Nf3 f6 5. Bb5 Bd7 6. a3 a6 7. Bd3 Na5 8. Nc3 Qe7
9. Bd2 O-O-O 10. O-O fxe5 11. Bg5 Qd6 12. Bxd8 Kxd8 13. Nxe5 Nf6 14. Nf7+ Ke7
15. Nxh8 g6 16. Qf3 c5 17. dxc5 Qxc5 18. Rfe1 Bg7 19. Nxg6+ hxg6 20. Bxg6 Nc4
21. Qxd5 Nxd5 0-1

[Event "AUTO-ADV-4855"]
[Site "http://www.queenalice.com/game.php?id=1854558"]
[Date "2025.3.27"]
[Round "1"]
[White "Castling"]
[Black "SGF"]
[Result "0-1"]
[WhiteElo "1609"]
[BlackElo "1686"]

1. e4 e5 2. Bc4 Qf6 3. Qf3 d6 4. h3 c6 5. d3 h6 6. Be3 b5 7. Bb3 a5 8. a3 a4 9.
Ba2 Na6 10. Nd2 b4 11. Ne2 bxa3 12. Qxf6 Nxf6 13. bxa3 Nc7 14. O-O g5 15. Nc4
Rb8 16. Rab1 Rxb1 17. Rxb1 Nb5 18. Rb4 d5 19. Rxb5 cxb5 20. Nxe5 dxe4 21. Bxf7+
Ke7 22. Ng6+ Kxf7 23. Nxh8+ Kg7 24. Bd4 exd3 25. cxd3 Be7 26. Ng3 Kxh8 27. Bxf6+
Bxf6 28. Nf5 Bxf5 0-1